00488nam a2200157 a 4500008004100000020001500041050001500056100002100071245007900092260004600171300002300217350000900240650001700249650004500266700001900311071126s2003 ||||||||||||||||| || u a0471321710 aTJ 263 Sha aSekulic, Dusan P10aFundamentals of heat exchanger designcRamesh K. Shah; Dusan P. Sekulic aHoboken, N. J.bJohn Wiley and Sonsc2003 axxxii, 941p.: ill. a0.00 aCONSTRUCTION aHEAT EXCHANGERS--DESIGN AND CONSTRUCTION aShah, Ramesh K